000 00507nam a2200157 i 4500
001 104309
003 ES-MaACL
005 20230906183551.0
007 t|
008 051128s1966 sp ||||1| spa d
245 0 0 _a1874
_b: diario del sitio de Bilbao /
_cFrancisco Hernando, Manuel de Gortazar, Mariano Echevarria, Antonio Brea.
260 _aBilbao :
_bVillar,
_c1966.
300 _a466 p., 12 lám. :
_bil. ;
_c25 cm.
700 1 _aHernando, Francisco.
_963085
852 _aES-MaACL
_jC-30918
_bR.70170
999 _c104309
_d104309